50 Ciudades más pobladas de la Comunidad de Madrid - Estadísticas

Estadísticas generales
  • Esta prueba ha sido intentada 135 veces
  • La puntuación promedio es 28 de 50
Estadísticas de respuestas
Población Ciudad % Correcto
3.4 M Madrid
96%
214 k Móstoles
93%
173 k Alcorcón
90%
190 k Fuenlabrada
89%
189 k Getafe
89%
194 k Leganés
89%
200 k Alcalá de Henares
88%
121 k Alcobendas
84%
134 k Parla
84%
98 k Las Rozas de Madrid
82%
140 k Torrejón de Ardoz
79%
101 k Rivas-Vaciamadrid
77%
94 k San Sebastián de Los Reyes
77%
56 k Pinto
76%
62 k Aranjuez
74%
89 k Pozuelo de Alarcón
74%
83 k Valdemoro
73%
80 k Coslada
72%
73 k Majadahonda
67%
57 k Colmenar Viejo
66%
65 k Boadilla del Monte
63%
52 k Tres Cantos
61%
59 k Arganda del Rey
60%
66 k Collado Villalba
57%
17 k El Escorial
57%
32 k Navalcarnero
56%
38 k San Fernando de Henares
56%
25 k Torrelodones
56%
27 k Paracuellos de Jarama
50%
29 k Villaviciosa de Odón
47%
37 k Arroyomolinos
46%
36 k Galapagar
46%
17 k Guadarrama
46%
20 k Humanes de Madrid
45%
21 k Algete
43%
20 k San Martín de la Vega
41%
18 k San Lorenzo de El Escorial
38%
26 k Ciempozuelos
36%
11 k Brunete
34%
23 k Villanueva de la Cañada
32%
15 k Meco
31%
24 k Mejorada del Campo
31%
15 k Alpedrete
29%
10 k Griñón
28%
14 k Valdemorillo
23%
14 k Moralzarzal
18%
14 k Velilla de San Antonio
15%
18 k Villalbilla
13%
13 k San Agustín del Guadalix
12%
18 k Villanueva del Pardillo
6%
No se encontraron pruebas coincidentes
Distribución de puntuación
Porcentaje de gente con cada puntuación
Porcentaje por número respondido
Historial de tus puntuaciones
No has intentado esta prueba.